000 00852nam a2200241Ia 4500
003 OSt
005 20220923212004.0
006 a|||||r|||| 00| 0
007 ta
008 220922b |||||||| |||| 00| 0 san d
024 _a77,543
037 _cTextual
040 _aARTS
_cARTS
_bsan
041 _2san
_asan
082 _aR6941x3,1, 1, 15L3
100 _aशास्त्री, द्वारिकादास
245 0 _aअभिधर्म कोशम्
_b वसुबन्धु विरचितम्
246 _aAbhidharma kosham: vasubandhu virachitam
260 _aवाराणसी
_b बौद्ध भारती
_c1973
300 _a1234पृ0
_ccm.
942 _hR6941x3,1, 1, 15L3
_cTEXL
_2CC
999 _c305191
_d305191